000
00261nam a2200085Ia 4500
008
170620s9999 xx 000 0 und d
100
_a
Sharma- B. M.
245
0
_a
Global Education Series-15-Theory of Educational Administration
260
_b
New Delhi- Commonwealth Publishers
260
_c
2006
999
_c
24618
_d
24618